00550nam a2200193 a 4500001001300000003000900013005001700022008004100039020002300080082001900103100002300122245006300145260003400208300000900242500003500251505001000286650003700296700002300333nice12345678IN_TiNIC20260116012259.0050524s1981 u ka grp 000 0 eng  a0860372 c10000a330.10297bHAS aHasanuz Zaman, S M aEconomic Functions of Islamic State (the Early Experience) aU KbIslamic Foundationc1981 a392p aincludes index and biblioraphy2 aIndex aEconomics-Religious Aspect-Islam1 aHasanuz Zaman, S M